Online Catalogue and eLibrary

Theorizing Feminism: (Record no. 5958)

MARC details
000 -LEADER
fixed length control field 00551cam a2200217 a 4500
001 - CONTROL NUMBER
control field 16857796
005 - DATE AND TIME OF LATEST TRANSACTION
control field 20250123055825.0
008 - FIXED-LENGTH DATA ELEMENTS--GENERAL INFORMATION
fixed length control field 110706s2011 ii b 001 0 eng
020 ## - INTERNATIONAL STANDARD BOOK NUMBER
ISBN 9788131604304
040 ## - CATALOGING SOURCE (பட்டியலாக்க மூலம்)
Original cataloging agency DLC
Transcribing agency DLC
Modifying agency DLC
082 ## - DDC Classification
DDC Edition Number 6669
Class No. 305.4
Item Number - Author Mark PAD
100 1# - MAIN ENTRY--PERSONAL NAME
Personal name Padia, C
245 10 - TITLE STATEMENT
Title Theorizing Feminism:
Remainder of title A Cross-Cultural Exploration
260 ## - PUBLICATION, DISTRIBUTION, ETC.
Place of publication, distribution, etc. Jaipur
Name of publisher, distributor, etc. Rawat Publications,
Date of publication, distribution, etc. 2011
300 ## - PHYSICAL DESCRIPTION
Extent (e.g. Volumes, Pages etc.) xviii, 233 p.,
650 #0 - SUBJECT ADDED ENTRY--TOPICAL TERM
Topical term or geographic name entry element Feminist theory.
650 #0 - SUBJECT ADDED ENTRY--TOPICAL TERM
Topical term or geographic name entry element Feminism
650 #0 - SUBJECT ADDED ENTRY--TOPICAL TERM
Topical term or geographic name entry element Social Science
650 #0 - SUBJECT ADDED ENTRY--TOPICAL TERM
Topical term or geographic name entry element Women
942 ## - Koha item type (Biblio)
Koha item type Books in Stacks (Lending)
Holdings
Lost status Damaged status Collection code Home library Current library Date acquired Full call number Accession Number Item type
    Lending WERC Library WERC Library 01/23/2025 305.4 PAD 6669 Books in Stacks (Lending)

© WERC Library